00772nam a22002177a 450000500170000001000150001702000260003203500140005803700130007208200110008510000250009624501140012126000400023527000440027530000240031950000190034370000250036294200250038799900190041295201230043120161206122120.0 aENG-116752 a9788184845327c680.00 aEN-100284 bDBAD/PUB a341.48 aGogoi,Chitta Ranjan  aHuman rights : cby Chitta Ranjan Gogoi [and] Jyotirmoyee Baruahbcurrent issues, violation [and] remedies / aNew DelhibRegal Publicationsc2016 aF-159 Rajouri GardenbNew Delhie110027 axii,172p.c23cm(Hb) aIncludes index aBaruah, Jyotirmoyee  2ddccENh341.48mGOG c104980d104980 001040718NFICaDBADbBNd2016-12-06eDBAD/PUBg680.00l0o341.48 GOGpEN-100284r2016-12-06 00:00:00t1v680.00yEN